000 00605nam a2200217 a 4500
005 20140311163025.0
008 080205s19uu xx 00 eng d
020 _a9781423901709
050 _aHD 69.P75
_b.Sc39 2007
100 _aSchwalbe, Kathy
245 _aInformation technology project management. /
250 _a5th ed.
260 _aAustralia :
_bThomson,
_c2004
300 _aX-20 521 p.:
_bill. ;
_c25 cm.
521 _aIT
650 _aMicrosoft Project.
650 _aProject management.
650 _aInformation technology
_xManagement.
942 _cBK
_2lcc
_kFOR
999 _c39530
_d39530